000 00217nam a2200097Ia 4500
008 240331s9999 xx 000 0 und d
082 _bWIJ
100 _aWijesinha, R
245 0 _aSri Lanka in crisis 1977-88
942 _cL
999 _c2507
_d2507